Statistics for A Bridge to Quizville

Click here to take the quiz!

General Stats

  • This quiz has been taken 11,615 times
  • The average score is 13 of 20

Answer Stats

HintAnswer% Correct
Bridge which connects San Francisco to its northern suburbsGolden Gate Bridge
98%
River that the Tower Bridge crossesThames
93%
Country connected to Sweden by the Øresund BridgeDenmark
92%
Type of bridge which typically goes across a castle moat{Draw}bridge
82%
Mythical creature that is said to live under bridgesTroll
77%
Country connected to Saudi Arabia by the King Fahd CausewayBahrain
76%
To intimidate the Germans, Julius Caesar built a bridge across this riverRhine
75%
City which is serviced by the George Washington and Verrazzano Narrows bridgesNew York
74%
Product made by the Bridgestone corporationTires
74%
This body of water now covers the former land bridge between
Siberia and North America
Bering Strait
72%
Musical duo that sang "Bridge Over Troubled Water"Simon & Garfunkel
69%
British POWs built a bridge across this river in Thailand,
in the famous 1957 movie starring Alec Guinness
Kwai
65%
U.S. state whose two peninsulas are connected by the Mackinac BridgeMichigan
64%
Last three words of the nursery rhyme "London Bridge is Falling Down"My fair lady
61%
City where convicts crossed the Bridge of Sighs between the
Doge's Palace and the prison
Venice
60%
Scottish hero who defeated the English at the Battle of Stirling BridgeWilliam Wallace
58%
California rock band that sang "Under the Bridge"Red Hot Chili Peppers
55%
One of the two stars of "The Bridges of Madison County" (name either)Clint Eastwood /
Meryl Streep
37%
City in southern France where people dance on a bridge, according to a songAvignon
28%
Full name of the card game known as "bridge"{Contract} bridge
16%

Score Distribution

Percentile by Number Answered

Percent of People with Each Score

Your Score History

You have not taken this quiz